000 00685nam a2200265Ia 4500
003 OSt
005 20221007101614.0
006 a|||||r|||| 00| 0
007 ta
008 221006b |||||||| |||| 00| 0 eng d
020 _a0521212073
024 _a6,763
037 _cTextual
040 _aLCO
_cLCO
_beng
041 _2eng
_aeng
082 _aZ1, L7
100 _aLauterpacht H. Ed.
_9428859
245 0 _aInternational Law
260 _aLondon
_bCambridge University Press U.K.
_c1977
300 _a614
490 _vVol. - IIIIII
650 _aINTERNATIONAL LAW
942 _hZ1, L7
_cTEXL
999 _c1176326
_d1176326